000 00681nam a2200205 a 4500
001 000010465
005 20240412074218.0
008 091007s1993 dr a r 001 p spa d
040 _aDO-SdBNP
_bspa
_cBNPHU
082 _aRD861.44
_bM663p
100 1 _aMinaya, Leopoldo,
_d1963-
_918314
245 1 0 _aPreeminencia del tiempo /
_cLeopoldo Minaya.
260 _aSanto Domingo :
_bCentro Editorial,
_c1993.
300 _a120 p. :
_bil ;
_c21 cm.
500 _aIncluye datos biográficos del autor en la contracubierta
590 _aInventariado, 2018/BT
650 0 _aPoesía dominicana
_966
650 0 _aLiteratura dominicana.
_967
910 _aValidado. Control de calidad. MMOLINA
999 _c10224
_d10224